Normal view
MARC view
- تأليف الشواربي، عبد الحميد محمد ؛ م، مشارك عاطف الشواربى ، م ، مشارك عمرو الشواربى
Entry Personal Name
001 - CONTROL NUMBER
- control field: 43853
003 - CONTROL NUMBER IDENTIFIER
- control field: JO-AjAnu
005 - DATE AND TIME OF LATEST TRANSACTION
- control field: 20230606081250.0
008 - FIXED-LENGTH DATA ELEMENTS
- fixed length control field: 230606|| aca||aabn | a|a d
040 ## - CATALOGING SOURCE
- Original cataloging agency: JO-AjAnu
- Transcribing agency: JO-AjAnu
100 ## - HEADING--PERSONAL NAME
- Personal name: تأليف الشواربي، عبد الحميد محمد ؛ م، مشارك عاطف الشواربى ، م ، مشارك عمرو الشواربى
670 ## - SOURCE DATA FOUND
- Source citation: Work cat.: (JO-AjAnu)22451: تأليف الشواربي، عبد الحميد محمد ؛ م، مشارك عاطف الشواربى ، م ، مشارك عمرو الشواربى, author, الأوراق التجارية : الكمبيالة، السند لأمر، الشيك وفقا لقانون التجارة رقم 17 لسنة 1999 في ضوء الفقه والقضاء والتشريع مع نماذج العقود والدعاوى التجارية